A mamã pôs um ovo (Registo nº 4383)
[ vista simples ]
| 000 -Etiqueta do registo | |
|---|---|
| Cabeçalho | 00677nam a2200253 4500 |
| 005 - Identificador da versão | |
| Campo de controlo | 20240813122059.0 |
| 010 ## - Número internacional normalizado dos livros (ISBN) | |
| Número (ISBN) | 9727101771 |
| 021 ## - Número do Depósito Legal | |
| Código do país | PT |
| Número | 187468/02 |
| 100 ## - Dados gerais de processamento | |
| Dados gerais de processamento | 20060704d2002 k y0pory5003 ba |
| 102 ## - Pais de publicação ou produção | |
| País de publicação | Portugal |
| 101 0# - Língua de publicação | |
| Língua do texto, banda sonora, etc. | Português |
| 215 ## - Descrição física | |
| Indicação específica da natureza do documento e extensão da espécie | 39 p. |
| Outras indicações físicas | il. |
| Dimensões | 25 cm |
| 200 1# - Titulo e menção de responsabilidade | |
| Título próprio | A mamã pôs um ovo |
| Primeira menção de responsabilidade | Babette Cole |
| Outras menções de responsabilidade | trad. Ana Paula Faria |
| 205 ## - Menção da edição | |
| Menção da edição | 4ª ed |
| 210 ## - Publicação, Distribuição, etc. | |
| Lugar da edição, distribuição, etc. | Lisboa |
| Nome do editor, distribuidor, etc. | Terramar |
| Data da publicação, distribuição, etc. | 2002 |
| 300 ## - Notas gerais | |
| Texto da nota | Título original: Mummy laid an egg! |
| 675 ## - Classificação Decimal Universal (CDU) | |
| Notação | 821.134.3-93((3.2) |
| Edição | BN |
| Língua da edição | por |
| 702 #1 - Nome de autor-pessoa física (responsabilidade secundária) | |
| Número de registo de entrada de autoridade | 0000911 |
| Palavra de ordem | Faria |
| Outra parte do nome não tomada para palavra de ordem | Ana Paula |
| Código de função | Tradutor |
| 700 #1 - Nome de autor-pessoa física (responsabilidade principal) | |
| Número de registo de entrada de autoridade | 0000910 |
| Palavra de ordem | Cole |
| Outra parte do nome não tomada para palavra de ordem | Babette |
| 942 ## - Elementos de entrada adicionados (Koha) | |
| Tipo de item no Koha | Livro |
| Situação do levantamento | Origin of item (home branch) (coded) | Biblioteca de empréstimo | Código de barras | Cota | Circulation type (not for loan) | Tipo de documento | Nota do exemplar | Damaged status |
|---|---|---|---|---|---|---|---|---|
| Biblioteca Escolar das Vendas | Biblioteca Escolar das Vendas | BEV738 | 6 COL | Livro | Sem mensagem |
